000 00538nam a22001817a 4500
999 _c524989
_d524989
003 NUST
038 _aFaiza
082 _a891.42108
_bBAB
100 _aBaber, Amin
_915790
245 _aDil Dehleez te Nacchiaan Peeran /
_cAmin Baber
260 _aLahore :
_bPunjabi Markaz,
_c2011.
300 _a128 p. ;
500 _aHardcover.
880 _6100-01\r
_aامین بابر
880 _6245-02\r
_aدل دہلیز تے نچیاں پیڑاں /
880 _6260-03\r
_aلاہور :
_bپنجابی مرکز,
_c۲۰۱۱.
942 _2ddc
_cBK